02716nam a2200313uu 4500001000800000005001700008007001000025008004100035035001200076040001300088041000800101080000800109100005100117245017400168260004300342300001700385520165900402650002502061650002302086650002702109650002502136700005602161700005102217856008202268942001302350999001902363502001202382526000802394148007120240129081436.0cr|||||||171128s2017 spa  a1480071 ccomduadb aspa aPCI10aZapata Naar, Raúl Fernando4auteaut976424410aInterventoría técnica y administrativa para la adecuación y ampliación de zonas deportivas de la unidad deportiva del Municipio de San Juan de Úraba- Antioquia aMedellín :b[sin publicador],c2017. a78 páginas3 aEl semestre de práctica profesional concluido en el municipio de San Juan de Urabá, se fundamentó y concentró en el seguimiento e inspección de las actividades y procesos constructivos desde la etapa de limpieza, marcación y replanteo hasta la ejecución de muros, andenes, cerramientos, empradizados y mobiliario requerido en los pliegos; además de esto se ejerció control en los procesos administrativos, incluyendo la verificación de pólizas de cumplimento, los plazos establecidos, la seguridad social de los empleados, el equipo de seguridad requerido y todas las condiciones óptimas para la realización del proyecto. Todo lo anterior con el fin de obtener excelentes resultados y velar por el correcto desarrollo y ejecución del proyecto de ampliación de la unidad deportiva del mismo municipio, llevando a buen término cada una de las especificaciones del proyectista y detalles consignados en los planos. El control ejercido se evidencia y soporta en cada una de las actas de seguimiento realizadas a lo largo del proceso, documentos que respaldan cada etapa, asegurando su correcto desarrollo y la detección de errores para aplicar medidas correctivas a tiempo, encaminados siempre al cumplimiento de los términos del proyecto y del contrato. Finalizada la práctica profesional, el proyecto de construcción se encuentra a 30 días para finalizarse y entregarse al municipio, lo cual es muestra de un buen funcionamiento y adecuado progreso de cada uno de los procesos, las adecuaciones de las instalaciones existentes, la construcción de nuevos escenarios y el acondicionamiento urbano y paisajístico. aInspección9104843 aEjecución966158 aInterventoría955266 aObligaciones911938310aJaramillo Ciro, Margarita María4thseths961243510aVillegas Vega, Daniel José4thseths97642454 uhttps://drive.google.com/file/d/0BwecnWVz7HZoT09MOVFmSzdsUEE/view?usp=sharing cTESISn0 c768028d768028 b170c17 a172